000 02225cam a2200517 a 4500
001 103948
005 20230411085640.0
008 940927s1995 dcua b f001 0 eng
010 _a 94024275
035 _a(OCoLC)ocm31295109
040 _aDLC
_cDLC
_dGPO
_dDIBAM
_dOCL
_dNLGGC
_dBTCTA
_dYDXCP
_dOCLCG
_dDEBSZ
020 _a084440845X
020 _a9780844408453
020 _a0160453011 (pbk.)
020 _a9780160453014 (pbk.)
020 _z084440485X
035 _a(OCoLC)31295109
049 _aGRAL
050 1 4 _aZ 733
_bC689o 1995
082 0 0 _a027.573
100 1 _aCole, John Young,
_d1940-
245 1 0 _aOn these walls :
_binscriptions and quotations in the buildings of the Library of Congress /
_cJohn Y. Cole.
260 _aWashington :
_bThe Library :
_bFor sale by the Supt. of Docs., U.S. G.P.O.,
_c1995.
300 _a106 p. :
_bill. (some col.) ;
_c26 cm.
504 _aIncludes bibliographical references (p. 93) and index.
530 _aA World Wide Web version based on this book is available on the Library of Congress Web site.
650 4 _aPrimera Jornada de Catalogacion.
610 2 0 _aLibrary of Congress
_xBuildings.
650 0 _aLibrary decoration
_zWashington (D.C.)
650 0 _aArchitectural inscriptions
_zWashington (D.C.)
650 0 _aNational libraries
_zWashington (D.C.)
651 0 _aWashington (D.C.)
_xBuildings, structures, etc.
650 0 _aLibrary architecture
_zWashington (D.C.)
650 4 _aDecoración de bibliotecas
_zWashington (D.C.).
650 4 _aBibliotecas nacionales
_zWashington (D.C.).
651 4 _aWashington (D.C.)
_xEdificios, estructuras, etc
710 2 _aLibrary of Congress.
776 0 8 _iOnline version:
_aCole, John Young, 1940-
_tOn these walls.
_dWashington : The Library : For sale by the Supt. of Docs., U.S. G.P.O., 1995
_w(OCoLC)607787790
776 0 8 _iOnline version:
_aCole, John Young, 1940-
_tOn these walls.
_dWashington : The Library : For sale by the Supt. of Docs., U.S. G.P.O., 1995
_w(OCoLC)624395934
856 4 1 _uhttp://www.loc.gov/loc/walls/
938 _aBaker and Taylor
_bBTCP
_n94024275
938 _aYBP Library Services
_bYANK
_n1649708
942 _2lcc
_cbk
946 _aFHM
994 _aC0
_bDRFGD
999 _c105303
_d105303